Speak Now Album - Statistics

General Stats
  • This quiz has been taken 1,472 times
    1,447 since last reset
  • The average score is 16 of 20
Answer Stats
# Tracks % Correct
4 Speak Now
96%
1 Mine
92%
20 Mine - POP Mix
92%
2 Sparks Fly
90%
5 Dear John
89%
3 Back To December
87%
18 Back To December - Acoustic
87%
9 Enchanted
87%
6 Mean
85%
12 Haunted
83%
19 Haunted - Acoustic Version
83%
10 Better Than Revenge
81%
14 Long Live
80%
13 Last Kiss
74%
7 The Story Of Us
73%
11 Innocent
71%
8 Never Grow Up
70%
15 Ours
69%
17 Superman
69%
16 If This Was A Movie
43%
No matching quizzes found
Score Distribution
Percent of People with Each Score
Percentile by Number Answered
Your Score History
You have not taken this quiz since the last reset